تخطي إلى المحتوى
Inicio
Centros participantes
Catálogo
Servicios
Contacto
تسجيل الدخول
English
Deutsch
Español
Français
Italiano
日本語
Nederlands
Português
Português (Brasil)
中文(简体)
中文(繁體)
Türkçe
עברית
Gaeilge
Cymraeg
Ελληνικά
Català
Euskara
Русский
Čeština
Suomi
Svenska
polski
Dansk
slovenščina
اللغة العربية
বাংলা
Galego
Tiếng Việt
Hrvatski
हिंदी
Հայերէն
Українська
Sámegiella
اللغة
كل الحقول
العنوان
المؤلف
الموضوع
رقم الاستدعاء
ردمك/تدمد
الوسم
ابحث
بحث متقدم
Compromiso de Acapulco para la...
استشهد بهذا
أرسل هذا بالبريد الإلكتروني
طباعة
تصدير التسجيلة
تصدير إلى RefWorks
تصدير إلى EndNoteWeb
تصدير إلى EndNote
أضف إلى المفضلة
رابط دائم
Izvoz končan —
إضافة أول تقييم
Compromiso de Acapulco para la paz, el desarrollo y la democracia
محفوظ في:
التفاصيل البيبلوغرافية
التنسيق:
نص
منشور في:
Acapulco:
s.e.
الوسوم:
إضافة وسم
لا توجد وسوم, كن أول من يضع وسما على هذه التسجيلة!
المقتنيات
الوصف
التعليقات
مواد مشابهة
عرض للأخصائي
MARC
LEADER
00000 a a2200000 04500
001
23767
003
040
|a
CRAI/IIS
|c
CRAI/IIS
090
|a
168100
245
|a
Compromiso de Acapulco para la paz, el desarrollo y la democracia
260
|a
Acapulco:
|b
s.e.
300
|a
29 p.
999
|c
12573
|d
12573
مواد مشابهة
Acciones por la paz del gobierno de Nicaragua (junio-diciembre 88)
El Mundo tras la era del petróleo: los nuevos ejes del poder y la riqueza
حسب: Nussbaum, Bruce
Elementos para una sociología del terror
حسب: Aguilera Peralta, Gabriel
Exposición del señor Viceministro de relaciones exteriores sobre la política exterior de El Salvador
Ajuste estructural y producción de granos básicos: sistemas de producción en la zona de Nandaime, región IV, Nicaragua 1987-1990 /
حسب: Saborío, Lorena